000 00641nam a22002177a 4500
003 UA-OsUOA
001 38990
007 ta
008 20060602b un ||||| |||| 00| 0 ukr d
100 _aШулкін Д.
090 _a77
_bШ11
942 _cSA
040 _aUA-OsUOA
_bukr
_cUA-OsUOA
_dUA-OsUOA
245 _aСвятослав Вакарчук:якраз нинішнє студенство зробить Україну кращою
300 _a2 с.
955 _a0
041 _aukr
080 _a77
773 0 _w38988
650 7 _a77 Фотографія, кінематографія та подібні процеси
_2UDC
999 _c325113
_d325113